|
|
|
|
| LEADER |
00000nab a2200000 a 4500 |
| 001 |
vtls000566805 |
| 003 |
SK-MaSNL |
| 005 |
20260304092947.0 |
| 008 |
250425c1995 xo 0 slo |
| 015 |
|
|
|a SNBRB19rr/mm-uuuuu
|
| 035 |
|
|
|a CL0566943
|
| 035 |
|
|
|a urn:nbn:sk:snk-ab7jcm
|
| 035 |
|
|
|a (urnnbn)urn:nbn:sk:snk:ar-005yd6
|
| 035 |
|
|
|a (uuid)5ff4a203-297e-4126-a312-edf630e866c2
|
| 040 |
|
|
|a SNKBUCL
|b slo
|c SNKBUCL
|e AACR2
|
| 041 |
0 |
|
|a slo
|
| 044 |
|
|
|a xo
|c SK
|
| 080 |
|
|
|a 028.02-053.2.001.5:373.3
|2 1981
|
| 080 |
|
|
|a 373.3
|2 1981
|
| 080 |
|
|
|a 371.8-055.1/.2
|2 1981
|
| 100 |
1 |
|
|a Mocková, S.
|4 aut
|9 1387512
|
| 245 |
1 |
0 |
|a Čitateľská aktivita žiakov štvrtého ročníka základných škôl
|c S. Mocková
|
| 650 |
0 |
7 |
|a čítanie
|2 snkbucl
|9 1654
|
| 650 |
0 |
7 |
|a žiaci
|2 snkbucl
|9 16621
|
| 650 |
0 |
7 |
|a školy základné
|2 snkbucl
|9 390867
|
| 655 |
|
7 |
|a články z novín a časopisov
|2 snkbucl
|9 267496
|
| 655 |
|
7 |
|a články z odboru knihovníctvo
|2 snkbucl
|9 166141
|
| 773 |
0 |
|
|t Pedagogická revue
|g Roč. 47, č. 7-8 (1995), s. 85-86
|
| 850 |
|
|
|a Slovenská národná knižnica
|
| 852 |
|
|
|a Slovenská národná knižnica
|
| 954 |
|
|
|a odborná, vedecká literatúra pôvodná (slovenská)
|2 lita
|
| 958 |
|
|
|a article7
|
| 958 |
|
|
|a RK
|
| 958 |
|
|
|a KL
|
| 958 |
|
|
|a SK
|
| 958 |
|
|
|a OND
|
| 958 |
|
|
|a EUIPO
|
| 992 |
|
|
|a RBX
|
| 999 |
|
|
|c 2820952
|d 2822882
|